| 000 | 00980nam a22002537a 4500 | ||
|---|---|---|---|
| 003 | BD-DhSAU | ||
| 005 | 20211024130340.0 | ||
| 008 | 210929b |||||||| |||| 00| 0 eng d | ||
| 040 | _aBD-DhSAU | ||
| 082 |
_222 _b332.041 _aR1293 |
||
| 100 |
_aRAHMAN, MD. HAFEZUR _eRegistration No.:# 11-04548 |
||
| 245 |
_aFinancial profitabilibity of winter vegetables cultivation in some selected areas of narsingdi district / _bMs Thesis |
||
| 260 |
_aSher-e-Bangla Agricultural University Dhaka 1207; _bDepartment of Management and Finance; _c2020; |
||
| 300 |
_aviii; _b40p.; _c30cm.; |
||
| 500 | _aIncluding Index.; | ||
| 590 | _anazmul | ||
| 600 | _qfinancial profitabilibity | ||
| 610 | _awinter vegetables cultivation | ||
| 650 | _anarsingdi district | ||
| 700 |
_aDr. Md. Sadique Rahman _eSupervisor |
||
| 710 |
_aMosammod Mahmuda Parvin _eCo-Supervisor |
||
| 856 |
_yOnline Access _uhttp://archive.saulibrary.edu.bd:8080/xmlui/handle/123456789/3240 |
||
| 942 |
_2ddc _cTHESIS |
||
| 999 |
_c15649 _d15648 |
||